000 00485nam a22001817a 4500
003 OSt
005 20250629134125.0
008 250629b |||||||| |||| 00| 0 eng d
020 _a9789356292925
082 _a327.954
_bKRII
100 _aKrishnan, Ananth
245 _aIndia's China Challenge: A journey thirough china's rise amd what it means for india
260 _aGurugram
_bHarper Collins
300 _a429
546 _aEnglish
651 _aGeopolitics
942 _2ddc
_cBK
999 _c3823
_d3823